Rozvoj organizovanej starostlivosti o sluchovo postihnutých na Slovensku : Historický náčrt. Časť 1 /

Hlavní autor: Pleva, Ján, 1926-
Jazyk: Slovenština
Vydáno: Bratislava : Slovenský zväz sluchovo postihnutých, 1994
Vydání: 1. vyd.
Témata:
Fyzický popis: 107 s.
Knihy
Uloženo v:
LEADER 00833nam a22002172a 4500
001 000099134
003 CZ BrMZK
005 19950407143423.0
008 960707s1994 xo f slo d
040 |a BOA001  |b cze 
080 |a 364.444:364.26(437.6)(091)  |2 MRF 
080 |a 376.33(437.6)(091)  |2 MRF 
100 1 |a Pleva, Ján,  |d 1926-  |7 mzk2002144708 
245 1 0 |a Rozvoj organizovanej starostlivosti o sluchovo postihnutých na Slovensku :  |b Historický náčrt.  |n Časť 1 /  |c Ján Pleva 
250 |a 1. vyd. 
260 |a Bratislava :  |b Slovenský zväz sluchovo postihnutých,  |c 1994 
300 |a 107 s. 
910 |a BOA001  |b PK-0126.156,1 
964 |a Postižení sluchově - Slovensko - péče sociální - vývoj 
990 |a BK 
996 7 |b 3119005390  |c PK-0126.156,1  |l MZK  |r Sklad / do 1 hodiny  |n 0  |p vým  |w 000099134  |u 000010  |a 1  |e BOA001  |j MZK50  |s A